| 000 | 00406cam a2200157ua 4500 | ||
|---|---|---|---|
| 041 |
_aeng _h |
||
| 082 |
_a515.1 _bTHO/CA |
||
| 100 | _aThompson, Silvanus P . | ||
| 245 |
_aCalculus made easy / _cSilvanus P Thompson. _hTextual Documents |
||
| 250 |
_a3 / _b. |
||
| 260 |
_aNew York : _bMacMillan and Company Limited , _c1961. |
||
| 300 | _a250 ; . | ||
| 504 | _a | ||
| 942 | _cBK | ||
| 999 |
_c10153 _d10153 |
||